[Event "RUS-chT Blitz Men 2018"]
[Site "Sochi"]
[Date "2018.10.10"]
[Round "6"]
[White "Jary, Sergey"]
[Black "Rozum, Ivan"]
[Result "1/2-1/2"]
[WhiteElo "2286"]
[BlackElo "2573"]
[Annotator "TA"]
[PlyCount "67"]
[EventDate "2018.10.10"]
[EventType "swiss"]
[EventCountry "RUS"]
[SourceTitle "playchess.com"]
[Source "ChessBase"]
[SourceQuality "1"]

{[%evp 14,67,26,5,16,11,12,11,29,2,11,-5,0,-7,-8,-2,0,0,0,-2,17,-2,2,0,22,25,27,24,17,12,45,12,16,0,17,10,38,0,35,12,2,12,18,11,15,14,14,11,11,10,10,31,355,302,311,281]} 1. d4 Nf6 2. Nf3 b6 3. g3 Bb7 4. Bg2 g6 5. O-O Bg7 6. b3 O-O 7. Bb2 d6 8. Nbd2 Nbd7 {A46: 1 d4 Nf6 2 Nf3 e6: Torre, London and Colle Systems} 9. c4 e6 10. Re1 (10. Qc2 c5 11. Rad1 Qc7 12. dxc5 Nxc5 13. Qb1 h6 14. Qa1 Qe7 {1-0 (50) Rambaldi,F (2574)-Alvarez Pedraza,A (2471) Panama City 2017}) 10... c5 {The position is equal.} 11. e3 Qc7 12. Nh4 $146 {[%cal Bf3h4,Bh4g2,Bg2f4][%mdl 32]} ({Predecessor:} 12. e4 cxd4 13. Nxd4 a6 14. b4 Rfd8 15. Qb3 h5 16. Rad1 Rac8 17. Bh3 Ne5 18. Bxe6 fxe6 19. Nxe6 {1-0 (33) Rakous,P (1974)-Pankovic,J (1968) Czechia 2006}) 12... Bxg2 13. Nxg2 a6 14. Rc1 Rfd8 15. Qf3 Rac8 16. h4 Qb8 17. Nf4 b5 18. d5 e5 19. Nd3 Re8 {[#] Threatens to win with ...e4.} 20. e4 Nb6 21. Bc3 Qb7 (21... b4 $5 {[%cal Rb4c3]} 22. Ba1 Qb7 $11) 22. Rb1 Qe7 23. Kg2 Rb8 24. Ba5 Nbd7 25. Bc3 Rf8 26. Nf1 Nh5 27. g4 $36 {[%mdl 2048] White is more active.} Nf4+ 28. Nxf4 exf4 29. Bxg7 Kxg7 30. Qxf4 bxc4 31. bxc4 Ne5 {[#] Hoping for ...Nd3.} 32. Qg3 Nxc4 $2 {[%mdl 8192]} (32... Rxb1 $14 33. Rxb1 Kg8) 33. Qc3+ $18 Ne5 34. f4 {[%mdl 32768] Precision: White = 57%, Black = 35%. . An unexpected result.} 1/2-1/2

[Event "RUS-chT Blitz Men 2018"]
[Site "Sochi"]
[Date "2018.10.10"]
[Round "6"]
[White "Tsvetkov, Andrey"]
[Black "Tekeyev, Zaur"]
[Result "1-0"]
[WhiteElo "2264"]
[BlackElo "2392"]
[Annotator "TA"]
[PlyCount "61"]
[EventDate "2018.10.10"]
[EventType "swiss"]
[EventCountry "RUS"]
[SourceTitle "playchess.com"]
[Source "ChessBase"]
[SourceQuality "1"]

{[%evp 21,61,46,79,81,84,80,73,66,69,52,62,47,41,45,85,22,55,40,52,33,66,9,59,53,62,46,56,68,103,82,382,354,549,526,1180,936,1455,1310,29984,29980,29996,29993]} 1. d4 Nf6 2. c4 g6 3. Nc3 Bg7 4. e4 O-O 5. Nf3 d6 6. Be2 e5 7. Be3 Na6 8. O-O c6 9. d5 Ng4 10. Bg5 f6 11. Bd2 c5 {LiveBook: 12 Games. E94: King's Indian: Classical: 6 Be2 e5 7 0-0: Various Black 7th moves} 12. Qc1 $146 {[#] Black must now prevent h3.} ({Predecessor:} 12. a3 Nh6 13. Rb1 Bd7 14. b4 b6 15. Bd3 Nf7 16. Qc2 Qe7 17. Rfe1 Bh6 18. Bxh6 Nxh6 19. Qc1 {0-1 (49) Smirnov,A (2452)-Chigaev,M (2593) Cheliabinsk 2018}) 12... f5 13. exf5 gxf5 {White is better.} 14. Ng5 Nf6 15. Qc2 Nc7 16. f3 Qe8 17. Rae1 Qg6 {[#]} 18. Nh3 (18. Bd3 $1 $16) 18... a6 19. Kh1 Bd7 20. a4 Kh8 21. Nf2 ({White should play} 21. a5 $14) 21... Rg8 (21... b5 $5) 22. g4 Bh6 23. Rg1 {Threatens to win with g5.} Bxd2 24. Qxd2 Qf7 25. gxf5 Nh5 $2 {[%mdl 8192]} (25... Bxf5 $16 {keeps fighting.} 26. Nfe4 Bxe4 27. fxe4 Rxg1+ 28. Rxg1 Rg8) 26. Nce4 $18 Nf4 (26... Ne8 $142 27. Rxg8+ Qxg8) 27. Nxd6 {[%cal Rd6f7]} Qh5 28. Ng4 Raf8 29. Nxe5 Rxg1+ 30. Rxg1 Bxf5 31. Qxf4 {Precision: White = 41%, Black = 17%.} 1-0

[Event "RUS-chT Blitz Men 2018"]
[Site "Sochi"]
[Date "2018.10.10"]
[Round "6"]
[White "Kozak, Alexander"]
[Black "Mochalin, Faddey"]
[Result "1-0"]
[WhiteElo "2262"]
[BlackElo "2032"]
[Annotator "TA"]
[PlyCount "91"]
[EventDate "2018.10.10"]
[EventType "swiss"]
[EventCountry "RUS"]
[SourceTitle "playchess.com"]
[Source "ChessBase"]
[SourceQuality "1"]

{[%evp 9,91,-25,0,-55,51,32,45,51,54,31,27,40,31,8,41,18,87,64,111,112,103,105,176,180,209,200,162,-10,-14,-72,208,65,230,240,308,297,345,326,358,273,651,631,567,34,304,301,292,118,315,285,252,254,327,293,1477,1443,1404,1375,1318,1349,1283,948,921,291,29989,29990,29990,29991,29990,29991,29994,29995,29995,29992,29992,29990,29994,29993,29997,29995,29998,29998,29998,29999]} 1. e4 e6 2. Nf3 d5 3. e5 Bd7 4. a3 c5 5. b4 d4 6. h4 $146 {C00: French: Unusual White 2nd moves} (6. c3 $11) ({Predecessor:} 6. Bd3 Bc6 7. O-O Ne7 8. Re1 Ng6 9. Be4 Bxe4 10. Rxe4 Nc6 11. b5 Nce7 {0-1 (66) Hamitevici,V (2434)-Sumets,A (2581) Luxembourg 2014}) 6... cxb4 (6... Bc6 $15) 7. Nxd4 Nc6 8. Nf3 {White is slightly better.} Nge7 9. axb4 Nxb4 10. c3 Nbd5 11. h5 h6 12. c4 Nb6 (12... Nb4 $11 {keeps the balance.}) 13. d4 $16 a6 14. Bd3 Rc8 15. Nbd2 Bc6 (15... Nc6 $16) 16. Bb2 Bxf3 17. Qxf3 (17. gxf3 $6 Nc6 $14) 17... Nc6 18. Qe4 $2 (18. d5 $1 $18 {[%cal Rd5c6]} exd5 19. O-O) 18... Bb4 $11 19. Rh3 (19. Ke2 $11) 19... Bf8 $2 {[%mdl 8192]} (19... Na5 $17 {stays on course.} 20. c5 Bxd2+ 21. Kxd2 Nb3+ 22. Kd1 Nxa1 23. cxb6 Qd7 24. Bxa1 Qa4+ 25. Ke2 Qxa1 26. Qxb7 O-O) 20. Rf3 (20. Kf1 $18) 20... Qd7 $2 (20... Bb4 $14) 21. Kf1 $18 Nb4 {[#]} 22. Be2 $1 Na4 23. Ba3 (23. Rxa4 Qxa4 24. Qxb7 Qd7) 23... b5 24. cxb5 axb5 $2 (24... Nc3 25. Rxc3 Rxc3) 25. Bxb4 Bxb4 {[#]} 26. Nb3 $2 (26. d5 $1 $18 {[%cal Rd5e6]} Bxd2 27. dxe6 Qxe6 28. Bxb5+ Kf8 29. Bxa4 Qa6+ 30. Kg1) 26... Bc3 $2 {[%mdl 8192]} ({Black should play} 26... Nc3 $14 27. Qg4 O-O) 27. Rc1 b4 28. Qg4 (28. Kg1 $18) 28... Kf8 $2 (28... O-O $16 {was necessary.}) 29. Rg3 Rg8 30. Bd3 {Black must now prevent Bh7.} Qd5 31. Bh7 Qxb3 $2 ({But not} 31... g5 $6 32. hxg6 Rg7 33. Qh4) (31... Ke7) 32. Bxg8 Ke7 33. Qxg7 Qc4+ 34. Kg1 Rf8 35. Rf3 {[%cal Rg8f7]} Qxd4 36. Bxf7 $2 (36. Qf6+ Kd7 37. Bxf7) 36... Kd8 $2 (36... Qxe5 $18 37. Qh7 (37. Qxh6 Rxf7 38. Rxf7+ Kxf7 $11) 37... Qg7) 37. Qxf8+ {White mates.} Kc7 38. Bxe6 {[%cal Bf7e6,Be6c8,Bc8b7][%mdl 32]} Kb6 39. Qb8+ Ka6 40. Bc8+ Ka5 41. e6 Nb6 42. Rf5+ Nd5 43. Bb7 Bd2 44. Rxd5+ Qxd5 45. Bxd5 {[%cal Rc1a1]} Bxc1 46. Bc4 {Precision: White = 45%, Black = 16%.} 1-0

[Event "RUS-chT Blitz Men 2018"]
[Site "Sochi"]
[Date "2018.10.10"]
[Round "6"]
[White "Nazaretyan, Tigran"]
[Black "Sergeyev, Alexander"]
[Result "1-0"]
[WhiteElo "2248"]
[BlackElo "2397"]
[Annotator "TA"]
[PlyCount "57"]
[EventDate "2018.10.10"]
[EventType "swiss"]
[EventCountry "RUS"]
[SourceTitle "playchess.com"]
[Source "ChessBase"]
[SourceQuality "1"]

{[%evp 16,57,15,7,12,16,18,0,7,0,52,37,76,-29,-26,-87,0,0,12,0,0,-35,22,38,18,12,39,0,54,5,42,33,179,187,225,134,230,197,214,149,252,243,263,263]} 1. d4 d5 2. c4 c6 3. Nf3 Nf6 4. Qc2 g6 5. Bf4 Bg7 6. e3 O-O 7. Nc3 Bf5 8. Bd3 Bxd3 9. Qxd3 Na6 {D93: Grünfeld: 4 Nf3 Bg7 5 Bf4 0-0 6 e3} (9... Nbd7 10. O-O e6 11. h3 Re8 12. Rfd1 Qa5 13. b4 Qxb4 14. cxd5 Nxd5 15. Nxd5 cxd5 16. Rab1 Qa4 17. Rxb7 {1-0 (40) Bu,X (2676)-Malakhov,V (2732) Ningbo 2010}) 10. O-O c5 $146 ({Predecessor:} 10... Nh5 11. Be5 f6 12. Bg3 Nxg3 13. hxg3 Qd7 14. e4 e6 15. Rfe1 Nb4 16. Qe2 dxc4 17. a3 {½-½ (27) Yilmazyerli,M (2439)-Furhoff,J (2296) Izmir 2016}) 11. cxd5 Nxd5 {The position is equal.} 12. Be5 Nab4 (12... cxd4 $11 13. Bxg7 (13. Bxd4 Nxc3 14. Qxc3 Bxd4 $11) 13... Kxg7 14. Qxd4+ Nf6) 13. Qe4 {Strongly threatening Bxg7.} cxd4 14. exd4 (14. Bxg7 $16 Kxg7 15. Qxd4+ Kg8 16. a3 Nxc3 17. Qxb4 (17. Qxc3 Nc6 $14)) 14... Rc8 $11 15. Rfc1 (15. Bxg7 $11 Kxg7 16. Rfc1) 15... Nxc3 (15... Bh6 $1 $17 {[%cal Rh6c1]} 16. Re1 e6) 16. bxc3 {[%cal Bb2c3,Bc3c4][%mdl 32]} Qd5 17. Qe2 {And now Bxg7 would win.} Nc6 18. c4 Qd7 (18... Qe6 $15 19. Qe3 Nxe5 20. dxe5 Qa6) 19. Bxg7 Kxg7 20. d5 Na5 21. Qe5+ f6 ({Black should try} 21... Kg8 $11) 22. Qe4 $14 Rfe8 23. Nd4 {Ne6+ is the strong threat.} b6 (23... Kh8 $14) 24. Ne6+ $18 Kh8 25. Qh4 $36 {[%mdl 2048] White is on the roll.} (25. Rc3 $1 $18 {[%cal Rc3h3] Threatens to win with Rh3.} Qd6 26. Rac1) 25... Qd6 {[#]} (25... g5 $16 26. Qe4 Nb7) 26. Rc3 $1 Qe5 {[#]} 27. Rac1 $1 Qh5 (27... h5 $16 28. h3 Rg8) 28. Qd4 Qe5 29. Qd2 {Precision: White = 46%, Black = 27%.} 1-0

[Event "RUS-chT Blitz Men 2018"]
[Site "Sochi"]
[Date "2018.10.10"]
[Round "6"]
[White "Dudin, Gleb"]
[Black "Nuristani, Iman"]
[Result "0-1"]
[WhiteElo "2178"]
[BlackElo "2242"]
[Annotator "TA"]
[PlyCount "58"]
[EventDate "2018.10.10"]
[EventType "swiss"]
[EventCountry "RUS"]
[SourceTitle "playchess.com"]
[Source "ChessBase"]
[SourceQuality "1"]

{[%evp 18,58,35,0,25,7,50,47,54,53,63,50,58,36,58,60,81,76,88,91,81,92,77,71,111,122,689,674,625,130,116,7,58,-13,0,-33,264,256,253,196,197,-820,-806]} 1. c4 Nf6 2. Nc3 e6 3. e4 d5 4. e5 d4 5. exf6 dxc3 6. bxc3 Qxf6 7. Nf3 b6 8. d4 h6 {A18: English Opening: Flohr-Mikenas System (1 c4 Nf6 2 Nc3 e6 3 e4)} (8... Bb7 9. Bd3 h6 10. Qe2 Nd7 11. Be4 Bxe4 12. Qxe4 Rb8 13. a4 Bd6 14. a5 O-O 15. O-O Qd8 16. Rd1 Nf6 17. Qe2 {0-1 (81) Ivanchuk,V (2710)-Wang,Y (2718) Huaian 2016}) 9. Be2 Bb7 10. O-O {LiveBook: 7 Games} Nd7 {The position is equal.} 11. Be3 Be7 12. Qa4 $146 ({Predecessor:} 12. Ne1 O-O 13. Bf3 Bxf3 14. Nxf3 Rfd8 15. Qe2 Bd6 16. Rfe1 Re8 17. Qc2 Re7 18. Re2 Rae8 19. Rae1 e5 20. d5 Nf8 21. Nd2 Qg6 22. Qxg6 Nxg6 23. f3 {½-½ (23) Erler,M (1676)-Pokorny,H (1772) Germany 2003}) 12... c6 13. Nd2 O-O 14. Bf3 e5 15. Qc2 Rac8 16. a4 {[%cal Ba2a4,Ba4a5][%mdl 32]} Ba6 17. a5 b5 18. c5 b4 19. Rfe1 $1 bxc3 20. Qxc3 Qe6 21. dxe5 Qxe5 $2 {[%mdl 8192]} (21... Rfd8 $16) 22. Bd4 $18 Qg5 {[#]} 23. Rxe7 $2 (23. h4 $1 $18 {[%mdl 512]} Qxh4 24. Re4) 23... Qxe7 $16 {[#]} 24. Bxg7 (24. Ne4 $1 $16) 24... Qxc5 (24... Rfe8 $1 $11 25. Ne4 f5 26. Nf6+ Nxf6 27. Bxf6 Qf7) 25. Qb2 ({White should play} 25. Qxc5 $14 Nxc5 26. Bxf8 (26. Bxh6 Rfd8 $11) 26... Kxf8 27. Rc1) 25... Qb5 26. Qd4 Qg5 $2 {[%mdl 8192]} (26... Rfd8 $15 {keeps the upper hand.} 27. Qg4 (27. Bxh6 Qe5 $15) 27... Qg5 28. Bxh6 Qxg4 29. Bxg4 Rb8) 27. Bxf8 $18 Nxf8 28. Ne4 Qg7 29. Qd6 $4 {[%mdl 8192]} (29. Nf6+ $18 Kh8 30. Rd1) 29... Qxa1+ {Precision: White = 38%, Black = 20%.} 0-1

[Event "RUS-chT Blitz Men 2018"]
[Site "Sochi"]
[Date "2018.10.10"]
[Round "6"]
[White "Basiev, Valeriy P."]
[Black "Savitskiy, Sergey"]
[Result "0-1"]
[WhiteElo "1990"]
[BlackElo "2413"]
[Annotator "TA"]
[PlyCount "81"]
[EventDate "2018.10.10"]
[EventType "swiss"]
[EventCountry "RUS"]
[SourceTitle "playchess.com"]
[Source "ChessBase"]
[SourceQuality "1"]

{[%evp 14,81,18,11,35,33,28,31,56,59,68,39,39,-61,26,-50,-54,-51,-54,-70,-79,-100,-91,-82,-22,-41,-46,-20,-7,-35,-25,-142,-139,-133,-134,-151,-157,-156,-101,-183,-182,-308,-255,-1165,-238,-287,-289,-281,-258,-251,-247,-293,-225,-308,-304,-354,-337,-435,-427,-707,-347,-1324,-793,-5807,-5908,-29996,-29995,-29995,-29996,-29996]} 1. c4 e5 2. g3 g6 3. Bg2 Bg7 4. Nc3 Nc6 5. e3 {[%cal Be2e3,Be3e4][%mdl 32]} Nge7 6. Nge2 O-O 7. O-O d6 8. d4 {[%cal Bd2d4,Bd4d5][%mdl 32] LiveBook: 21 Games} a6 {A25: English Opening vs King's Indian with ...Nc6 but without early d3} 9. d5 Nb8 10. e4 a5 $146 {White is slightly better.} ({Predecessor:} 10... f5 11. Be3 Nd7 12. Qd2 Nf6 13. f3 Kh8 14. b4 Neg8 15. h3 Qe7 16. c5 {1-0 (39) Bukal,V (2425)-Reer,E (2139) Saint Vincent 2002}) 11. f4 exf4 12. gxf4 f5 13. Ng3 ({White should play} 13. e5 $1 $14) 13... Na6 (13... fxe4 $15 14. Ncxe4 Na6) 14. Be3 ({White should try} 14. e5 $1 $11) 14... fxe4 $15 15. Ncxe4 Nf5 16. Nxf5 Bxf5 17. Bd4 Bxe4 18. Bxe4 Nc5 (18... Bxd4+ $17 19. Qxd4 Qh4) 19. Bc2 $11 Bxd4+ 20. Qxd4 Qf6 $36 {[%mdl 2048] Black is pushing.} 21. Rad1 Rae8 {[%cal Ba8e8,Be8e1,Be1d1][%mdl 32]} 22. Rf2 {[#]} (22. Qxf6 $11 {remains equal.} Rxf6 23. Rd2) 22... Re1+ $1 $17 {[%mdl 512]} 23. Kg2 {[#]} (23. Rxe1 Qxd4) 23... Rxd1 $1 24. Qxd1 Qxb2 25. f5 Qf6 ({Better is} 25... Qxa2 26. fxg6 Rxf2+ 27. Kxf2 hxg6) 26. Qg4 (26. Rf3 $17) 26... Nd7 $19 27. Rf4 (27. Qg3 {is a better defense.}) 27... Ne5 28. Qe2 $2 (28. Qg3) 28... g5 $2 (28... Qg5+ 29. Kh1 Qxf4) 29. Re4 b6 30. Re3 Kg7 31. h3 Rh8 32. Rg3 Kf8 33. Kh2 h5 34. Re3 g4 {[%cal Bg5g4,Bg4h3][%mdl 32]} 35. Bd1 Rg8 36. Bc2 (36. Kh1 $142) 36... Rg5 (36... Qh4 $142 37. Kh1 gxh3) 37. Re4 $2 (37. h4 Rg7 38. Kg3) 37... gxh3 38. Qe3 Ng4+ 39. Kh1 Nxe3 40. Rxe3 Qd4 41. Re1 {Precision: White = 15%, Black = 59%.} 0-1

[Event "RUS-chT Blitz Men 2018"]
[Site "Sochi"]
[Date "2018.10.10"]
[Round "6"]
[White "Kuzmin, Roman"]
[Black "Linker, Mikhail"]
[Result "0-1"]
[WhiteElo "1855"]
[BlackElo "2269"]
[Annotator "NA RC"]
[PlyCount "46"]
[EventDate "2018.10.10"]
[EventType "swiss"]
[EventCountry "RUS"]
[SourceTitle "playchess.com"]
[Source "ChessBase"]
[SourceQuality "1"]
[TimeControl "180+2"]

1. e4 {[%emt 0:00:00]} c5 {[%emt 0:00:00]} 2. Nf3 {[%emt 0:00:00]} d6 {[%emt 0:00:00]} 3. d4 {[%emt 0:00:01]} cxd4 {[%emt 0:00:01]} 4. Nxd4 {[%emt 0:00:01]} Nf6 {[%emt 0:00:01]} 5. Nc3 {[%emt 0:00:01]} g6 {[%emt 0:00:01]} 6. Be3 {[%emt 0:00:05]} Bg7 {[%emt 0:00:01]} 7. f3 {[%emt 0:00:02]} O-O 8. Qd2 Nc6 {[%emt 0:00:03]} 9. O-O-O {[%emt 0:00:03]} d5 {[%emt 0:00:01]} 10. exd5 {[%emt 0:00:09]} Nxd5 {[%emt 0:00:01]} 11. Nxc6 {[%emt 0:00:01]} bxc6 {[%emt 0:00:02]} 12. Bd4 {[%emt 0:00:02]} Nxc3 {[%emt 0:00:01]} 13. Qxc3 {[%emt 0:00:25]} Bh6+ {[%emt 0:00:01]} 14. Kb1 {[%emt 0:00:09]} e5 {[%emt 0:00:02]} 15. Qxc6 {[%emt 0:02:09]} Bf5 {[%emt 0:00:02]} 16. Bd3 {[%emt 0:00:08]} Rc8 {[%emt 0:00:24]} 17. Qa4 {[%emt 0:00:15]} Bxd3 {[%emt 0:00:04]} 18. Rxd3 {[%emt 0:00:02]} exd4 {[%emt 0:00:03]} 19. h4 {[%emt 0:00:02]} Bg7 {[%emt 0:00:12]} 20. h5 {[%emt 0:00:01]} Qe8 {[%emt 0:00:08]} 21. Qa6 {[%emt 0:00:02]} Qe2 {[%emt 0:00:06]} 22. Rc1 {[%emt 0:00:03]} Bh6 {[%emt 0:00:10]} 23. hxg6 {[%emt 0:00:02]} hxg6 {[%emt 0:00:01]} 0-1

[Event "RUS-chT Blitz Men 2018"]
[Site "Sochi"]
[Date "2018.10.10"]
[Round "6"]
[White "Pingin, Artem"]
[Black "Pervakov, Sergey"]
[Result "1/2-1/2"]
[WhiteElo "1761"]
[BlackElo "2098"]
[Annotator "NA RC"]
[PlyCount "85"]
[EventDate "2018.10.10"]
[EventType "swiss"]
[EventCountry "RUS"]
[SourceTitle "playchess.com"]
[Source "ChessBase"]
[SourceQuality "1"]
[TimeControl "180+2"]

1. e4 {[%emt 0:00:00]} Nf6 {[%emt 0:00:00]} 2. e5 {[%emt 0:00:00]} Nd5 {[%emt 0:00:01]} 3. c4 {[%emt 0:00:01]} Nb6 {[%emt 0:00:01]} 4. d4 {[%emt 0:00:01]} d6 {[%emt 0:00:00]} 5. exd6 {[%emt 0:00:01]} cxd6 {[%emt 0:00:01]} 6. Nf3 {[%emt 0:00:03]} g6 {[%emt 0:00:01]} 7. Nc3 {[%emt 0:00:02]} Bg7 {[%emt 0:00:01]} 8. Be2 {[%emt 0:00:02]} O-O {[%emt 0:00:02]} 9. O-O {[%emt 0:00:07]} Nc6 {[%emt 0:00:01]} 10. Be3 {[%emt 0:00:02]} Bg4 {[%emt 0:00:01]} 11. b3 {[%emt 0:00:01]} Bxf3 {[%emt 0:00:07]} 12. Bxf3 {[%emt 0:00:02]} f5 {[%emt 0:00:01]} 13. Ne2 {[%emt 0:00:17]} e5 {[%emt 0:00:06]} 14. Bxc6 {[%emt 0:00:42]} bxc6 {[%emt 0:00:02]} 15. dxe5 {[%emt 0:00:01]} dxe5 {[%emt 0:00:02]} 16. Bc5 {[%emt 0:00:03]} Qxd1 {[%emt 0:00:17]} 17. Raxd1 {[%emt 0:00:01]} Rfd8 {[%emt 0:00:01]} 18. Nc3 {[%emt 0:00:08]} e4 19. Rxd8+ {[%emt 0:00:16]} Rxd8 {[%emt 0:00:15]} 20. Rd1 {[%emt 0:00:02]} Rxd1+ {[%emt 0:00:40]} 21. Nxd1 {[%emt 0:00:00]} Kf7 {[%emt 0:00:01]} 22. f3 {[%emt 0:00:31]} exf3 {[%emt 0:00:01]} 23. gxf3 {[%emt 0:00:01]} Ke6 {[%emt 0:00:02]} 24. Kf2 {[%emt 0:00:00]} Be5 {[%emt 0:00:15]} 25. h3 {[%emt 0:00:06]} Bd6 {[%emt 0:00:31]} 26. Be3 {[%emt 0:00:19]} f4 {[%emt 0:00:06]} 27. Bd4 {[%emt 0:00:02]} Be5 {[%emt 0:00:02]} 28. Bc5 {[%emt 0:00:03]} Nd7 {[%emt 0:00:07]} 29. Bxa7 {[%emt 0:00:38]} c5 {[%emt 0:00:00]} 30. a3 {[%emt 0:00:01]} Kd6 {[%emt 0:00:24]} 31. b4 {[%emt 0:00:03]} Kc6 {[%emt 0:00:06]} 32. Ke2 {[%emt 0:00:07]} Bd4 {[%emt 0:00:07]} 33. Nf2 {[%emt 0:00:12]} Ne5 {[%emt 0:00:12]} 34. Ne4 {[%emt 0:00:03]} Nxc4 {[%emt 0:00:04]} 35. Bxc5 {[%emt 0:00:02]} Bxc5 {[%emt 0:00:04]} 36. Nxc5 {[%emt 0:00:01]} Nxa3 {[%emt 0:00:01]} 37. Nd3 {[%emt 0:00:04]} g5 {[%emt 0:00:02]} 38. Kf2 {[%emt 0:00:04]} Kb5 {[%emt 0:00:04]} 39. h4 {[%emt 0:00:01]} h6 {[%emt 0:00:03]} 40. hxg5 hxg5 {[%emt 0:00:01]} 41. Ne5 {[%emt 0:00:03]} Kxb4 42. Nf7 Nc4 {[%emt 0:00:17]} 43. Nxg5 {[%emt 0:00:02]} 1/2-1/2

[Event "RUS-chT Blitz Men 2018"]
[Site "Sochi"]
[Date "2018.10.10"]
[Round "7"]
[White "Dubov, Daniil"]
[Black "Ponkratov, Pavel"]
[Result "1-0"]
[WhiteElo "2703"]
[BlackElo "2628"]
[Annotator "TA"]
[PlyCount "126"]
[EventDate "2018.10.10"]
[EventType "swiss"]
[EventCountry "RUS"]
[SourceTitle "playchess.com"]
[Source "ChessBase"]
[SourceQuality "1"]

{[%evp 16,126,45,45,38,64,70,56,81,34,62,27,52,21,31,28,28,25,22,26,64,60,88,54,97,44,43,56,163,169,215,101,156,153,149,0,0,-141,-141,-134,-142,-129,-114,-125,0,-137,-123,-145,0,0,0,-70,0,0,0,0,0,0,0,0,0,0,0,0,0,0,0,0,0,-132,-121,-124,0,0,0,-147,0,0,0,-148,0,0,0,-133,0,-106,0,0,5097,0,0,0,2383,0,0,0,1691,1654,1134,1126,1126,1112,1095,1113,29978,29979,29979,29980,29980,29981,29978,29978,29987]} 1. d4 Nf6 2. c4 g6 3. Nc3 d5 4. cxd5 Nxd5 5. e4 Nxc3 6. bxc3 Bg7 7. Nf3 O-O 8. Be2 c5 9. O-O cxd4 {D85: Exchange Grünfeld: Unusual White 7th moves and lines with 7 Nf3} (9... b6 10. Bg5 Bb7 11. Qd3 Qd7 12. Rad1 e6 13. Qe3 Qa4 14. Bh6 Nd7 15. Bxg7 Kxg7 16. e5 Rac8 17. Rd2 b5 18. dxc5 Bd5 19. Rd4 Qxa2 {½-½ (66) Ftacnik,L (2546)-Duda,J (2706) Heraklio 2017}) 10. cxd4 Nd7 11. Rb1 b6 {White is slightly better.} 12. e5 Bb7 13. Bg5 $146 ({Predecessor:} 13. Bc4 Rc8 14. Bb3 e6 15. Ba3 Re8 16. Bd6 Bf8 17. d5 Bxd5 18. Bxd5 exd5 19. Qxd5 {0-1 (41) Bawart,M (2358)-Rogulj,B (2437) Bled 2000}) 13... h6 14. Bh4 Bd5 15. Qd2 g5 16. Bg3 f5 17. exf6 exf6 18. Rb5 $36 {[%mdl 2048] White has the initiative.} Bf7 19. Bd3 a6 20. Rf5 (20. Rb2 $16) 20... b5 $14 21. h4 Nb6 (21... Rc8 $14) 22. hxg5 $18 fxg5 23. Nxg5 (23. Bb1 $18 {and White stays clearly on top.}) 23... hxg5 (23... Nc4 $142 24. Qf4 (24. Nxf7 Nxd2 25. Nxd8 Nxf1 $11) 24... Qxd4) 24. Rxg5 $16 Bc4 (24... Qxd4 $2 25. Be5 $18) 25. Be5 (25. Rxg7+ $1 $16 Kxg7 26. Be5+ Kf7 27. Re1) 25... Ra7 $1 $11 {Threatens to win with ...Bxd3.} 26. Re1 (26. Rg3 $11 Rff7 27. Re1 Bxd3 28. Qxd3) 26... Bxd3 $17 27. Bxg7 Rxg7 28. Rxg7+ Kxg7 29. Qxd3 Rf6 ({Better is} 29... Qd6 $17 30. Re4 Rf6) 30. Re5 (30. Qg3+ $11 Rg6 31. Qe5+ Kg8 32. Qe4) 30... Qd6 $1 31. Qe4 Nc4 (31... Qc6 $17 32. d5 (32. Rg5+ Kf8 $17) 32... Qc1+ 33. Kh2 Qf4+ 34. Qxf4 Rxf4) 32. Rg5+ $11 Rg6 33. Rc5 (33. Rh5 $11) 33... Nd2 (33... Qd8 $1 $15) 34. Qb7+ Kh6 35. Qc8 {[%cal Rc8h8]} Qxd4 36. Qh3+ Kg7 37. Rc7+ Kf6 38. Rc6+ Kg7 $1 39. Rc7+ Kf6 40. Qh8+ Ke6 41. Qe8+ Kf5 42. Qf7+ (42. Qc8+ $1 $11 {was the only way to keep the balance.} Kf4 43. Rf7+ Rf6 44. Rxf6+ Qxf6 45. Qc7+ Kg5 46. Qg3+ Kf5 47. Qh3+ Kg5 48. Qg3+ Kh5 49. Qh3+ Qh4 50. Qf5+ Qg5 51. Qh7+ Kg4 52. Qd7+ Kh5 53. Qh7+ Kg4 54. Qd7+ Qf5 55. Qxd2 Qb1+ 56. Kh2) 42... Kg5 $17 43. Qe7+ Kh5 44. Qh7+ $1 Kg5 45. Qe7+ Kh5 46. Qh7+ $1 Kg5 {Strongly threatening ...Qa1+.} 47. Qe7+ Kh5 48. Qh7+ $1 Kg5 {Hoping for ...Qa1+.} 49. Qe7+ Kh5 (49... Kg4 $1 $17 50. Qe2+ Kf4) 50. Rc5+ (50. Qh7+ $1 $11 Kg5) 50... Kh6 ({Black should play} 50... Kg4 $17 {( -> ...Qa1+)} 51. Qe2+ Kf4) 51. Qf8+ $11 Rg7 $4 {[%mdl 8192]} (51... Qg7 $11 52. Qf4+ Kh7 53. Rh5+ Rh6 54. Qf5+ Kh8 55. Qc8+ Kh7 56. Rxh6+ Qxh6) 52. Rc6+ (52. Qh8+ $142 Kg6 53. Qh5+ Kf6 54. Qf5+ Ke7 55. Re5+ Qxe5 56. Qxe5+ Kf8 57. Qd6+ Ke8 58. Qxd2) 52... Kg5 $18 {...Qa1+ is the strong threat.} 53. Rc5+ Kh6 $1 ({Weaker is} 53... Kh4 54. Qh8+ Kg4 55. Qh5+ Kf4 56. Qf5#) 54. Rc6+ Kg5 {White must now prevent ...Qa1+.} 55. Rc5+ Kh6 $1 {[#]} ({Inferior is} 55... Kh4 56. Qh8+ Kg4 57. Qh5+ Kf4 58. Qf5#) 56. Qh8+ $1 Kg6 {[#]} 57. Qh5+ $1 Kf6 58. Qf5+ Ke7 59. Re5+ Kd6 60. Qf6+ {White mates.} Kc7 61. Qxg7+ Kb6 62. Re6+ Kc5 {[#]} 63. Rc6+ $1 {[%mdl 512]} Kd5 {Precision: White = 49%, Black = 50%.} (63... Kxc6 64. Qxd4) 1-0